• 首页
  • 本馆介绍
  • 公告通知
  • 最新文献
  • 馆藏检索
  • 电子资源
  • 读者导购
  • 参考咨询
  • 我的图书馆
  • 登录
  • 详细信息显示
  • 放入我的书架
  • 预约/预借图书
  • 作者相关作品
  • 分类相关作品
  • 丛书相关作品
  • 出版社相关作品

书目信息

  • 表格格式
  • 工作单格式
  • 卡片格式
题名:
国际投资学
    
 
作者: 任映国 主编
分册:  
出版信息: 北京   中国金融出版社  2001
页数: 457页
开本: 21cm
丛书名:
单 册:
中图分类: F831.6
科图分类:
主题词: 金融 , 银行
电子资源:
ISBN: 7-5049-2611-6
000 00626nam0 2200229 450
001 0635368344
005 20060929095054.20
010    @a7-5049-2611-6@dCNY28.80
100    @a20060929d2001 km y0chiy0120 ea
101 0  @achi
102    @aCN@b110000
200 1  @a国际投资学@Aguo ji tou zi xue@f任映国等主编@Fren ying guo deng zhu bian
205    @a第二版
210    @a北京@c中国金融出版社@d2001
215    @a457页@d21cm
300    @a21世纪高等院校金融类教材
606 0  @a金融
606 0  @a银行
690    @aF831.6@v3
701  0 @a任映国@Aren ying guo@4主编
801  0 @aCN@bNISOFT@c20060929
905    @a10447@dF831.6@e15=2
    
    国际投资学/任映国等主编.-第二版.-北京:中国金融出版社,2001
    457页;21cm
    21世纪高等院校金融类教材
    
    ISBN 7-5049-2611-6:CNY28.80
    
●
相关链接 在E读中查询图书 在五车中查询图书 在当当中查询图书 在豆瓣中查询图书


正题名:国际投资学     索取号:F831.6/15=2         预约/预借

序号 登录号 条形码 馆藏地/架位号 状态 备注
1 0493626   204936267   密集书库/ [索取号:F831.6/15=2] 在馆    
2 0493627   204936276   密集书库/ [索取号:F831.6/15=2] 在馆    
唐山师范学院图书馆 欢迎您!
大连网信软件有限公司© 版权所有